01010nam a2200253 a 450000100060000000300080000600500170001400800410003103500190007204000380009104100080012908200220013710000750015924500570023426000560029130000260034750400520037365000790042565000440050465000410054894200120058999900170060195201380061821204BD-RjUL20211209000647.0140303r19671943enk b 001 0 eng d a(BD-RjUL)21268 aABN:1bengcABN:1dABN:1dBD-RjUL aeng00a820.903bTIE 19671 aTillyard, E. M. W.q(Eustace Mandeville Wetenhall),d1889-1962.95505214aThe Elizabethan world picture /cby E.M.W. Tillyard. aLondon :bChatto & Windus,c1943 [impression 1967]. avii, 108 p. ;c22 cm. aIncludes bibliographical references, and index. 0aEnglish literatureyEarly modern, 1500-1700xHistory and criticism.953256 0aReligious thoughty16th century.965544 0aPhilosophyxHistoryzEngland.965545 2ddccBK c21204d21204 00102ddc40708NFICaRUCLbRUCLcStackd1973-03-06eBlackwell.g0.90l0o820.903 TIE 1967r2014-03-03 00:00:00tC-2w2014-03-03yBK